1863 1954 1949 1615 1609 1041 1990 1457 1490 1671 1304 1898 1195 1340 1191 1618 1642 1356 1431 1074 1134 1521 1177 1270 1697 1685 1350 1869 1309 1031 1906 1555 1222 1138 1883 1694 1328 1139 1192 1173 1350 1890 1439 1245 1968 1250 1928 1421 1716 1804 1772 1614 1711 1605 1162 1793 1637 1213 1441 1825 1737 1281 1880 1814 1261 1192 1113 1132 1559 1728 1516 1234 1202 1228 1908 1051 1127 1308 1034 1602 1740 1329 1601 1678 1198 1882 1927 1867 1564 1772 1147 1115 1155 1281 1547 1487 1678 1140 1277 BCNSPRNW ULIB Ver.6.0+V

เปลี่ยนเป็นภาษาไทย

Change to English
 แสดงรายละเอียดบรรณานุกรม
  กลับหน้าหลัก

Brief Record : Get Marc (ISO 2709) : E-mail record : QR code < ปิดหน้าต่าง
LEADER : 00000nas 2200000uu 4500
001    13399114001
003     ULIB
008    020711s|||| th a 000 0 tha d
022    ^a1513265X
110    ^aโรงพยาบาลยโสธร
245    ^aยโสธรเวชสาร
260    ^aยโสธร :^bโรงพยาบาลยโสธร,^cม.ป.ป.
310    ^aรายสี่เดือน
850    ^aฉบับที่ 2 ปีที่ 13;ฉบับที่ 2 ปีที่ 13 ฉ.2;ฉบับที่ 2 ปีที่ 13 ฉ.3;ฉบับที่ 3 ปีที่ 13;ฉบับที่ 3 ปีที่ 13 ฉ.2;ฉบับที่ 3 ปีที่ 13 ฉ.3;ฉบับที่ 1 ปีที่ 14;ฉบับที่ 1 ปีที่ 14 ฉ.2
945    ^p0^l0^i900112
945    ^p0^l0^i900113
945    ^p0^l0^i900114
945    ^p0^l0^i900350
945    ^p0^l0^i900351
945    ^p0^l0^i900352
945    ^p0^l0^i901005
945    ^p0^l0^i901006
รายการนี้ยังไม่มีแท็ก
คุณยังไม่ได้ล็อกอิน คุณสามารถมีกิจกรรมร่วมกับเว็บไซต์ได้ แต่ต้องล็อกอินก่อน ::
  ล็อกอิน

รายการสื่อสารสนเทศ (วารสาร)

ดูแบบ: กล่อง รายการ
ARRIVED
ฉบับที่ 2 ปีที่ 13
สถานที่: ห้องสมุดวิทยาเขตสวรรค์ประชารักษ์ >วารสาร
ARRIVED
ฉบับที่ 3 ปีที่ 13
สถานที่: ห้องสมุดวิทยาเขตสวรรค์ประชารักษ์ >วารสาร
ARRIVED
ฉบับที่ 1 ปีที่ 14
สถานที่: ห้องสมุดวิทยาเขตสวรรค์ประชารักษ์ >วารสาร
รายการใกล้เคียง
    ผู้แต่ง []

BibComment


ยังไม่เคยถูกคอมเมนท์

คอมเมนท์ทรัพยากรรายการนี้
  คอมเมนท์: ยโสธรเวชสาร


 Copyright 2026. Bcnsprnw @Library